Score 0/15 Timer 02:00
0 Plays Today
Hint 5-letter Word % Correct
A-plus or C-minus, e.g.GRADE
92.9%
CollisionCRASH
89%
Lacking sensitivityCRASS
82.6%
Irving's IchabodCRANE
80%
Alumni, for shortGRADS
79.6%
Lawn materialGRASS
79.2%
Sudden burst of lightFLASH
78.8%
Violent confrontationCLASH
77.8%
Hint 5-letter Word % Correct
Slatted wooden containerCRATE
76.4%
Soft animal tissueFLESH
75.3%
Framework of metal barsGRATE
74.8%
Glowed brightlySHONE
72.3%
Withered old womanCRONE
70.4%
Baseball player FigginsCHONE
61.8%
Hard mineral matter STONE
49.8%

Today's Daily Dose

Remove Ads.
Support Sporcle.
Get the best of Sporcle when you Go Orange. This ad-free experience offers more features, more stats, and more fun while also helping to support Sporcle. Thank you for becoming a member.

You're not logged in!

Compare scores with friends on all Sporcle quizzes.
OR
Log In

Show Comments

Extras

Top Quizzes Today


Score Distribution

Your Account Isn't Verified!

In order to create a playlist on Sporcle, you need to verify the email address you used during registration. Go to your Sporcle Settings to finish the process.

Report this User

Report this user for behavior that violates our Community Guidelines.

Details: